000 00511 a2200193 4500
005 20260121103925.0
008 260120b |||||||| |||| 00| 0 eng d
020 _a9789386754103
_cRs. 695.00
040 _aMAIN
082 _a541.3
_bM474P
100 _aMehta, S K
245 _aPhysical chemistry: Gases, Liquids and thermodynamics
260 _bIBS Learning
_c2018
_aNew delhi
300 _a141
650 _aChemistry
650 _aPhysical Chemistry
700 _aSahota, Gurinder
942 _cBK
999 _c394506
_d394506